El desarrollo del romanticismo frances. impacto de la revolucion industrial en la literatura /
Guardado en:
| Autor Principal: | |
|---|---|
| Formato: | Libro |
| Publicado: |
Montevideo :
Fac. Humanidades Y Ciencias. Univ. De La Republica,
1963
|
| Series: | Historia De La Cultura, 11
|
| Materias: | |
| Etiquetas: |
Agregar Etiqueta
Sin Etiquetas, Sea el primero en etiquetar este registro!
|
| LEADER | 00911nam a22002055a 4500 | ||
|---|---|---|---|
| 001 | EHU.bham024686 | ||
| 003 | AR-BHAM | ||
| 005 | 20130507154319.0 | ||
| 008 | 130507s1963##################000#0#####d | ||
| 082 | 9 | 0 | |a 900 |
| 100 | 1 | |a George, Albert Joseph | |
| 245 | 1 | 0 | |a El desarrollo del romanticismo frances. impacto de la revolucion industrial en la literatura / |c Albert Joseph George |
| 260 | |a Montevideo : |b Fac. Humanidades Y Ciencias. Univ. De La Republica, |c 1963 | ||
| 300 | |a 32 p. | ||
| 490 | 0 | |a Historia De La Cultura, 11 | |
| 500 | |a Trad. Beatriz Schillings De Blancotomado de: The development of french romanticism. The impact of the Industrial Revolution on Literature. New York, Siracuse univ. Press, 1955. (cap. 11: La novela alcanza su madurez). | ||
| 653 | |a Historia | ||
| 653 | |a Romanticismo | ||
| 653 | |a Revolucion industrial | ||
| 859 | |a AR-BHAM |b BIB. HUMANIDADES - General |h 900 |i H629-3 |p 80.67 |t Ej.1 |v XI |3 XI | ||
